| 000 | 01186nam a22002297a 4500 | ||
|---|---|---|---|
| 003 | SEM | ||
| 999 |
_c42544 _d42544 |
||
| 005 | 20220608070747.0 | ||
| 008 | 171122b xxu||||| |||| 00| 0 arm d | ||
| 040 |
_cSEM _aSEM |
||
| 041 | 0 | _aarm. | |
| 080 | _a947.925(093.1)/Չ-72 | ||
| 100 | 1 |
_aՉոբանյան Պավել Աշոտի _d(1948-) |
|
| 245 | 1 | 0 |
_aՎրացական ուղեգրությունները և նրանց տեղեկությունները հայերի մասին: _bXVIII դ. -XIX դ. 1-ին քառորդ: / _cՊ. Չոբանյան; Պատ. խմբ.՝ Պ. Մուրադյան; ՀՍՍՀ ԳԱ Արևելագիտության ինստիտուտ |
| 246 | 1 | 5 | _aГрузинские путевые записи и их сведения об армянах. / |
| 260 |
_aԵրևան: _bՀՍՍՀ ԳԱ հրատ, _c1981. |
||
| 300 |
_a199 էջ; _c20 սմ |
||
| 504 | _aՑանկեր` էջ 182-198 | ||
| 650 | 1 | 4 |
_aՀայ ժողովրդի պատմություն _yXVIII-XIX դարեր |
| 700 | 1 |
_aՄուրադյան Պարույր _d1933-2011 _eպատ. խմբ. _4res. edt. |
|
| 710 | 2 |
_aՀՍՍՀ Գիտությունների ակադեմիա _b Արևելագիտության ինստիտուտ |
|
| 942 |
_2udc _cBK |
||